000 00691nam a22002177a 4500
005 20251108165200.0
008 250721s9999 xx 000 0 ara d
082 1 4 _a580.072/مدح
100 1 _aالنمر، مدحت أحمد
245 1 0 _aالاوكسينات النباتية /
264 1 _aالإسكندرية :
_bدار المطبوعات الجديدة،
_c[19-].
300 _a295ص
490 0 _aسلسلة الوحدات الدراسية في تدريس العلوم ؛ 2
650 1 7 _aعلم النبات
650 1 7 _aالتدريس
650 1 7 _aالأبحاث
650 1 7 _aطرق الدراسة
650 1 7 _aالتجارب
942 _2ddc
_cBK
999 _c21477
_d21477